| 000 | 00705nam a2200229 i 4500 | ||
|---|---|---|---|
| 001 | 26392 | ||
| 003 | ES-MaACL | ||
| 005 | 20240605062959.0 | ||
| 007 | t| | ||
| 008 | 030109s1928 sp ||||1| spa d | ||
| 040 | _cES-MaACL | ||
| 080 | _a929 Molina, Tirso de | ||
| 100 | 1 |
_aArtiles, Jenaro, _d1897-1976 _923479 _eaut |
|
| 245 | 1 | 3 |
_aLa partida bautismal de "Tirso de Molina" / _cJenaro Artiles Rodríguez. |
| 260 |
_aMadrid : _b[s.n.], _c1928 _f(Imp. Municipal) |
||
| 300 |
_a12 páginas ; _c24 cm. |
||
| 600 | 1 |
_9226522 _aMolina, Tirso de, _d1579-1648 |
|
| 852 |
_aES-MaACL _cDEPOF _j1726-F-19 |
||
| 942 |
_cFOLLETOS _n0 |
||
| 999 |
_c26392 _d26392 |
||